000 00664nam a22002417a 4500
003 UA-OsUOA
001 44643
007 ta
008 20101203b un ||||| |||| 00| 0 ukr d
100 _aВярцінські А.
090 _a82-1
_bВ99
942 _cBR
040 _aUA-OsUOA
_bukr
_cUA-OsUOA
_dUA-OsUOA
245 _aЗаозер'я
_bПоема
300 _a24 с.
955 _a3
041 _aukr
080 _a82-1
260 _aН.-Й.
650 7 _a82 Література. Літературознавство
_2UDC
999 _c424745
_d424745